000 00660cam a2200241 4500
001 M93672
008 090401t1998 xxu||||| |||| 00| 0 eng d
035 _a(Sirsi) u88255
041 _aeng
050 _a692.8
100 _aMcGuinness, J.B.
245 4 _aThe effects of letters of intent.
260 _aAscot, Berks.
_bCIOB
_c1998
300 _a8p. ; 30cm.
350 _a5
490 _aConstruction Papers
_v91
650 _aBUILT ENVIRONMENT-BUILDING CONTRACT FORMS
650 _aLETTERS OF INTENT
690 _aBUILT ENVIRONMENT-BUILDING CONTRACT FORMS
710 _aChartered Institute of Building
_92134
942 _n0
948 _c03/09/1998
999 _c97308
_d97308